|
|
|
|
| LEADER |
00000nam a2200000 a 4500 |
| 001 |
vtls001168319 |
| 003 |
SK-MaSNL |
| 005 |
20260301112106.0 |
| 008 |
250414s1981 CS 0 eng |
| 035 |
|
|
|a SNK000111299
|
| 040 |
|
|
|a SNK
|b slo
|c SNK
|e AACR2
|
| 041 |
0 |
|
|a eng
|
| 044 |
|
|
|a [CS]
|
| 080 |
|
|
|a 616.71
|2 1981
|
| 100 |
1 |
|
|a Babický, Arnošt
|4 aut
|9 452269
|
| 245 |
1 |
0 |
|a Whole-body skeletal response in local bone disease
|c Arnošt Babický, Jaromír Kolář
|
| 250 |
|
|
|a 1. vyd.
|
| 260 |
|
|
|a Praha
|b Academia
|c 1981
|e S.l.PG
|f PG
|
| 300 |
|
|
|a 122, [1] s.
|c 8°
|
| 490 |
0 |
|
|a Studie ČSAV
|v č. 17/1981
|
| 700 |
1 |
|
|a Kolář, Jaromír
|4 aut
|9 452270
|
| 852 |
|
|
|a Slovenská národná knižnica
|
| 958 |
|
|
|a OND
|
| 999 |
|
|
|c 709439
|d 711369
|
| 952 |
|
|
|t P60, <04>, [BOOK], {604}
|a SNK
|b SNK
|y VYP
|7 0
|p 17A0190429
|o snkIC 83297 D1
|0 0
|1 1
|4 0
|d 1999-04-23
|l 0
|r 2005-01-01 00:00:00
|w 2026-02-23
|
| 952 |
|
|
|t P60, <04>, [BOOK], {604}
|a SNK
|b SNK
|y VYP
|7 0
|p 17A0373639
|o snkIC 83297
|0 0
|1 0
|4 0
|d 2003-02-24
|l 0
|r 2005-01-01 00:00:00
|w 2026-02-23
|